| 000 | 00577nam a2200181Ia 4500 | ||
|---|---|---|---|
| 001 | 65485 | ||
| 003 | OSt | ||
| 005 | 20160315115054.0 | ||
| 008 | 150403s9999 xx 000 0 und d | ||
| 040 | _cPK-LaUMT | ||
| 082 |
_a 613 _bGHU-F |
||
| 100 | _aGhulam Rasool Shah Gilani | ||
| 245 |
_a(فطرت اور صحت)Fitrat aur sehat (Urdu) _c(غلام رسول شاہ گیلانی)Ghulam Rasool Shah Gilani |
||
| 260 |
_a(لاہور، پاکستان)Lahore,Pakistan: _b(الفیصل ناشران)Al-Faisal Nashran, _cN.D. |
||
| 300 | _a222 p. | ||
| 546 | _aUR | ||
| 942 |
_cBK _2ddc |
||
| 999 |
_c68801 _d68801 |
||